000 00730nam a2200241 a 4500
008
020 _a0256081204 (hbk.)
049 _aMAIN
090 _aHF5657.4
_bGAR
100 1 _aGarrison, Ray H.
245 1 0 _aManagerial accounting :
_bconcepts for planning, control, decision making /
_cRay H. Garrison.
250 _a6th ed.
260 _aHomewood :
_bBPI-Irwin,
_c1991.
300 _axxii, 810 p. :
_bill. ;
_c26 cm.
500 _aIncludes index.
504 _aIncludes bibliographical references
650 0 _aManagerial accounting.
907 _a.b10101925
_b07-04-22
_c08-12-03
003
005 20230123133655.0
040 _cNUST
942 _cBOOKS
_kHF5657.4
_mGAR
999 _c152659
_d152659